Satunnaisia valtiopisteitä tyhjällä maailmankartalla - Statistics

Yleistilastot
  • Tätä visaa on pelattu 664 kertaa
  • Keskiarvotulos 10 / 20
Vastaukset kartalla
Vastauksille on annettu kartalla punavihreä väri sen mukaan, kuinka moni on saanut sen oikein.
 
Vastaustilastot
Valtio % Oikein
Yhdysvallat
100%
Kanada
97%
Suomi
96%
Saksa
95%
Islanti
94%
Chile
92%
Meksiko
90%
Ruotsi
90%
Norja
89%
Brasilia
88%
Ranska
88%
Australia
85%
Tanska
84%
Venäjä
84%
Yhdistynyt kuningaskunta
84%
Espanja
81%
Ukraina
80%
Belgia
79%
Puola
79%
Honduras
78%
Uusi-Seelanti
78%
Latvia
77%
Valko-Venäjä
75%
Italia
74%
Japani
74%
Kazakstan
74%
Kongon tasavalta
74%
Paraguay
74%
Alankomaat
73%
Peru
73%
Portugali
73%
Argentiina
72%
Marokko
72%
Mongolia
72%
Pakistan
72%
Etelä-Afrikka
71%
Itävalta
71%
Irlanti
70%
Kuuba
70%
Uruguay
70%
Kreikka
68%
Liettua
68%
Kiina
67%
Kolumbia
67%
Sveitsi
67%
Viro
67%
Madagaskar
66%
Luxemburg
65%
Turkki
65%
Unkari
65%
Senegal
63%
Guinea
62%
Malta
62%
Afganistan
61%
Kiribati
61%
Lesotho
61%
Moldova
61%
Pohjois-Makedonia
61%
Tunisia
61%
Algeria
60%
Bolivia
60%
Kroatia
60%
Libya
59%
Tšekki
59%
Guatemala
58%
Intia
58%
Kosovo
58%
Slovenia
58%
Etelä-Korea
57%
Filippiinit
57%
Indonesia
57%
Keski-Afrikan tasavalta
57%
Sri Lanka
57%
Egypti
56%
Laos
56%
Nigeria
56%
Romania
56%
Saudi-Arabia
56%
Gabon
55%
Kongon demokraattinen tasavalta
55%
Oman
55%
Singapore
55%
Sudan
55%
Tšad
55%
Monaco
54%
Papua-Uusi-Guinea
54%
Togo
54%
Irak
53%
Mauritania
53%
Albania
52%
Bulgaria
52%
Iran
52%
Niger
52%
Somalia
52%
Suriname
52%
Vatikaanivaltio
52%
Andorra
50%
Ecuador
50%
Israel
50%
Jemen
50%
Slovakia
49%
Tansania
49%
Bangladesh
48%
Bosnia ja Hertsegovina
48%
Mali
48%
Panama
48%
Taiwan
48%
Angola
47%
Georgia
47%
Thaimaa
47%
Venezuela
47%
Kenia
46%
Mosambik
46%
Namibia
46%
Malesia
45%
Haiti
44%
Kambodža
44%
Nepal
44%
Pohjois-Korea
44%
San Marino
44%
El Salvador
43%
Guinea-Bissau
43%
Guyana
43%
Liechtenstein
43%
Vietnam
43%
Burkina Faso
42%
Kamerun
42%
Tonga
42%
Tuvalu
42%
Liberia
41%
Serbia
41%
Uganda
41%
Sambia
40%
Armenia
39%
Bhutan
39%
Päiväntasaajan Guinea
39%
Costa Rica
38%
Dominikaaninen tasavalta
38%
Komorit
38%
Mikronesia
38%
Swazimaa
38%
Turkmenistan
38%
Ghana
37%
Jordania
37%
Kap Verde
37%
Uzbekistan
37%
Azerbaidžan
36%
Nicaragua
36%
São Tomé ja Príncipe
36%
Vanuatu
36%
Norsunluurannikko
35%
Saint Kitts ja Nevis
35%
Barbados
34%
Benin
34%
Myanmar
34%
Belize
33%
Botswana
33%
Fidži
33%
Palau
33%
Salomoninsaaret
33%
Samoa
33%
Antigua ja Barbuda
32%
Itä-Timor
32%
Malediivit
32%
Montenegro
32%
Saint Lucia
32%
Eritrea
31%
Etelä-Sudan
31%
Kypros
31%
Mauritius
31%
Qatar
31%
Tadžikistan
31%
Grenada
30%
Libanon
30%
Kirgisia
29%
Syyria
29%
Ruanda
28%
Seychellit
28%
Bahama
27%
Djibouti
27%
Gambia
27%
Malawi
27%
Zimbabwe
27%
Burundi
26%
Etiopia
26%
Dominica
24%
Kuwait
24%
Trinidad ja Tobago
24%
Nauru
23%
Jamaika
22%
Sierra Leone
22%
Brunei
21%
Yhdistyneet arabiemiraatit
17%
Marshallinsaaret
15%
Bahrain
13%
Saint Vincent ja Grenadiinit
6%
Ehtoja vastaavia visoja ei löytynyt
Tulosjakauma
Jokaisen tuloksen saaneiden osuus
Persentiili vastausten määrän mukaan
Tuloshistoriasi
Et ole pelannut tätä visaa